[Event "RSA-ch (Women)"]
[Site "Cape Town"]
[Date "2024.03.31"]
[Round "9"]
[White "Van Zyl, Bea"]
[Black "Badenhorst, Chloe"]
[Result "0-1"]
[WhiteElo "1507"]
[BlackElo "1917"]
[PlyCount "58"]
[EventDate "2024.03.25"]
[EventType "tourn"]
[EventRounds "11"]
[EventCountry "RSA"]
[SourceTitle "CB14_2024"]
[SourceDate "2024.04.01"]
[SourceVersion "1"]
[SourceVersionDate "2024.04.01"]
[SourceQuality "1"]

1. e4 c6 2. d4 d5 3. e5 c5 4. c3 Nc6 5. Be2 cxd4 6. cxd4 Bf5 7. Nf3 e6 8. 0-0 Nge7 9. Be3 Bg6 10. Nc3 Nf5 11. a3 Be7 12. Rc1 Rc8 13. Qb3 Rb8 14. Na4 0-0 15. Nc5 Bxc5 16. dxc5 Nh4 17. Qc3 Nxf3+ 18. Bxf3 d4 19. Bxd4 Nxd4 20. Rfd1 Nxf3+ 21. Qxf3 Qg5 22. Qc3 Rfd8 23. b4 Be4 24. f3 Bc6 25. g3 h6 26. f4 Qg4 27. Rd6 Qe2 28. Rc2 Qe4 29. Rcd2 Qe1# 0-1

[Event "RSA-ch (Women)"]
[Site "Cape Town"]
[Date "2024.03.30"]
[Round "7"]
[White "Boshoma, Chisomo"]
[Black "Badenhorst, Chloe"]
[Result "1/2-1/2"]
[WhiteElo "1780"]
[BlackElo "1917"]
[PlyCount "82"]
[EventDate "2024.03.25"]
[EventType "tourn"]
[EventRounds "11"]
[EventCountry "RSA"]
[SourceTitle "CB14_2024"]
[SourceDate "2024.04.01"]
[SourceVersion "1"]
[SourceVersionDate "2024.04.01"]
[SourceQuality "1"]

1. e4 c6 2. d4 d5 3. exd5 cxd5 4. Bd3 Nc6 5. c3 Nf6 6. Bf4 Bg4 7. Qb3 Qc8 8. Nd2 e6 9. Ngf3 Be7 10. 0-0 Bh5 11. Qa4 a6 12. Ne5 b5 13. Qb3 Nxe5 14. Bxe5 Bg6 15. Bxg6 hxg6 16. a4 bxa4 17. Qxa4+ Kf8 18. Nf3 Ne4 19. h3 f6 20. Bh2 Kf7 21. Rfe1 g5 22. Re2 Qb7 23. Rc2 Rhc8 24. Nd2 Nxd2 25. Rxd2 Qb5 26. Qd1 g6 27. Qe2 Qb6 28. Bg3 a5 29. Ra4 Qb3 30. Qd1 Qb5 31. Qa1 Rc4 32. b4 Rxc3 33. bxa5 Rc1+ 34. Qxc1 Qxa4 35. Bc7 Rc8 36. Rc2 Ba3 37. Qb1 Bb4 38. Ra2 Qb5 39. Bb6 Bd6 40. Rb2 Qa6 41. g3 Rc4 1/2-1/2

[Event "RSA-ch (Women)"]
[Site "Cape Town"]
[Date "2024.03.28"]
[Round "4"]
[White "Nel, Hayley"]
[Black "Badenhorst, Chloe"]
[Result "0-1"]
[WhiteElo "1678"]
[BlackElo "1917"]
[PlyCount "72"]
[EventDate "2024.03.25"]
[EventType "tourn"]
[EventRounds "11"]
[EventCountry "RSA"]
[SourceTitle "CB14_2024"]
[SourceDate "2024.04.01"]
[SourceVersion "1"]
[SourceVersionDate "2024.04.01"]
[SourceQuality "1"]

1. c4 e6 2. Nc3 d5 3. cxd5 exd5 4. d4 c6 5. Qc2 Bd6 6. Nf3 Ne7 7. e3 Bf5 8. Bd3 Bxd3 9. Qxd3 Nd7 10. 0-0 Nf6 11. Bd2 0-0 12. Rab1 Ng6 13. b4 b5 14. Ne2 Ne4 15. Nc1 Bc7 16. Nb3 Qd6 17. g3 Qf6 18. Kg2 h5 19. h4 Qf5 20. Nc5 Qg4 21. Be1 Rfe8 22. Rc1 Rac8 23. Qa3 Nd6 24. Rc2 Nc4 25. Qc1 Bxg3 26. fxg3 Nxe3+ 27. Kf2 Nxf1 28. Kxf1 Qxf3+ 29. Bf2 Qh1+ 30. Bg1 Re7 31. Rd2 Rce8 32. Nd3 Re3 33. Rh2 Qf3+ 34. Rf2 Qxg3 35. Qxc6 Qh3+ 36. Rg2 Qf3+ 0-1

[Event "Wch U16 Girls"]
[Site "Montesilvano"]
[Date "2023.11.16"]
[Round "4"]
[White "Kawa, Anna"]
[Black "Badenhorst, Chloe"]
[Result "1-0"]
[WhiteElo "1622"]
[BlackElo "1885"]
[PlyCount "155"]
[EventDate "2023.11.13"]
[EventType "swiss"]
[EventRounds "11"]
[EventCountry "ITA"]
[SourceTitle "CB48_2023"]
[SourceDate "2023.11.29"]
[SourceVersion "1"]
[SourceVersionDate "2023.11.29"]
[SourceQuality "1"]

1. e4 c5 2. Nf3 Nc6 3. Bb5 e5 4. c3 a6 5. Bxc6 dxc6 6. d3 Bd6 7. Be3 Nf6 8. h3 0-0 9. 0-0 Re8 10. Nbd2 b6 11. Qc2 Bb7 12. Rfe1 Qe7 13. Nh4 Bc8 14. Rad1 Be6 15. Ndf3 Rad8 16. Ng5 h6 17. Nxe6 fxe6 18. Nf3 Rf8 19. a3 Nd7 20. Qe2 Rf7 21. d4 Rdf8 22. dxe5 Nxe5 23. Nxe5 Bxe5 24. Qh5 Bb8 25. Qg4 Kh7 26. Rd2 Qc7 27. g3 Rf6 28. Bf4 Rxf4 29. gxf4 Rxf4 30. Qg3 Qf7 31. e5 Rf5 32. Kf1 Qh5 33. Rd7 Rg5 34. Qd3+ Rf5 35. Rd8 c4 36. Qg3 Bxe5 37. Qg2 Qh4 38. Rd2 Qf4 39. Rde2 Bf6 40. Rxe6 Qd2 41. Rxf6 Qd3+ 42. Re2 Rxf6 43. Qe4+ Qxe4 44. Rxe4 b5 45. Re8 a5 46. a4 bxa4 47. Re4 Rf5 48. Rxc4 Rb5 49. Rxa4 Rxb2 50. Rxa5 Rb3 51. Rc5 Rb6 52. Ke2 Kg6 53. Kd3 Kf6 54. Kc4 Ke6 55. Ra5 Rb2 56. Ra7 g5 57. Rh7 Rxf2 58. Rxh6+ Kd7 59. Rg6 Rf4+ 60. Kc5 Rf3 61. c4 Rxh3 62. Rxg5 Rh4 63. Rg6 Rh5+ 64. Kb6 Rh4 65. Rxc6 Rh1 66. Rg6 Rb1+ 67. Kc5 Ra1 68. Rg7+ Ke6 69. Kb6 Rb1+ 70. Kc6 Ra1 71. c5 Ra6+ 72. Kb7 Ra2 73. c6 Rb2+ 74. Kc8 Kd6 75. c7 Rc2 76. Rg6+ Ke7 77. Kb7 Rb2+ 78. Rb6 1-0

[Event "Budapest FS06 IM"]
[Site "Budapest"]
[Date "2023.06.07"]
[Round "5"]
[White "Badenhorst, Chloe"]
[Black "Lalic, Bogdan"]
[Result "0-1"]
[WhiteElo "1922"]
[BlackElo "2377"]
[PlyCount "74"]
[EventDate "2023.06.03"]
[EventType "tourn"]
[EventRounds "9"]
[EventCountry "HUN"]
[SourceTitle "CBM 214 Extra"]
[Source "ChessBase"]
[SourceDate "2023.07.31"]
[SourceVersion "1"]
[SourceVersionDate "2023.07.31"]
[SourceQuality "1"]

1. e4 g6 2. Nc3 Bg7 3. d4 d5 4. Be3 dxe4 5. Nxe4 Nf6 6. Nxf6+ Bxf6 7. Nf3 0-0 8. Bc4 c5 9. c3 cxd4 10. Bxd4 Qc7 11. Be2 e5 12. Be3 Nc6 13. 0-0 Ne7 14. Qc1 Nf5 15. Bg5 Bg7 16. Nh4 Nxh4 17. Bxh4 h6 18. Bg3 f5 19. f3 Be6 20. Qc2 b5 21. Bf2 Rab8 22. Rac1 Rfc8 23. b3 Bf8 24. Qd2 Rd8 25. Qb2 a5 26. Rfd1 Rxd1+ 27. Rxd1 a4 28. bxa4 bxa4 29. Qc2 a3 30. c4 Rb2 31. Qd3 Rxa2 32. c5 Qc6 33. Qb5 Qxb5 34. Bxb5 Rb2 35. Ba4 a2 36. Be1 Bxc5+ 37. Kh1 Rb1 0-1

[Event "Budapest FS06 IM"]
[Site "Budapest"]
[Date "2023.06.06"]
[Round "4"]
[White "Mohamed, Anees M"]
[Black "Badenhorst, Chloe"]
[Result "1-0"]
[WhiteElo "2320"]
[BlackElo "1922"]
[PlyCount "51"]
[EventDate "2023.06.03"]
[EventType "tourn"]
[EventRounds "9"]
[EventCountry "HUN"]
[SourceTitle "CBM 214 Extra"]
[Source "ChessBase"]
[SourceDate "2023.07.31"]
[SourceVersion "1"]
[SourceVersionDate "2023.07.31"]
[SourceQuality "1"]

1. d4 d5 2. c4 e6 3. Nf3 Nf6 4. g3 dxc4 5. Bg2 Nbd7 6. 0-0 c6 7. Qc2 b6 8. Nbd2 Bb7 9. Nxc4 c5 10. Bf4 Rc8 11. Rac1 Nd5 12. Nd6+ Bxd6 13. Bxd6 Rc6 14. dxc5 Nxc5 15. Bxc5 Rxc5 16. Qa4+ Bc6 17. Qd4 0-0 18. Rxc5 bxc5 19. Qxc5 Qb6 20. Rc1 Bb7 21. Qxb6 axb6 22. Ne5 f6 23. Nd3 Rd8 24. a3 e5 25. Nb4 Rd7 26. Rd1 1-0

[Event "Bad Woerishofen op 38th"]
[Site "Bad Woerishofen"]
[Date "2023.03.04"]
[Round "2"]
[White "Badenhorst, Chloe"]
[Black "Behling, Robert"]
[Result "1/2-1/2"]
[WhiteElo "1906"]
[BlackElo "2022"]
[PlyCount "22"]
[EventDate "2023.03.03"]
[EventType "swiss"]
[EventRounds "9"]
[EventCountry "GER"]
[SourceTitle "CBM 213 Extra"]
[Source "ChessBase"]
[SourceDate "2023.05.31"]
[SourceVersion "1"]
[SourceVersionDate "2023.05.31"]
[SourceQuality "1"]

1. e4 e6 2. d4 d5 3. Nc3 Nf6 4. e5 Nfd7 5. f4 c5 6. Nf3 Nc6 7. Be3 a6 8. Qd2 b5 9. dxc5 Bxc5 10. Bd3 Bb7 11. Bf2 Qb6 1/2-1/2

[Event "Wch U20 Girls 38th"]
[Site "Cala Gonone"]
[Date "2022.10.21"]
[Round "10"]
[White "Badenhorst, Chloe"]
[Black "Andhin, Chethanah"]
[Result "1-0"]
[WhiteElo "1687"]
[BlackElo "1493"]
[PlyCount "65"]
[EventDate "2022.10.12"]
[EventType "swiss"]
[EventRounds "11"]
[EventCountry "ITA"]
[SourceTitle "CBM 210 Extra"]
[Source "ChessBase"]
[SourceDate "2022.11.30"]
[SourceVersion "1"]
[SourceVersionDate "2022.11.30"]
[SourceQuality "1"]

1. e4 c5 2. Nc3 d6 3. g3 Nf6 4. Bg2 e6 5. Nge2 a6 6. d3 Qc7 7. 0-0 g6 8. f4 Nbd7 9. h3 Rb8 10. g4 b5 11. g5 Nh5 12. f5 Nb6 13. fxe6 Bxe6 14. Nd5 Nxd5 15. exd5 Bf5 16. Qe1 Be7 17. Qh4 Ng7 18. Bd2 c4 19. Bc3 Bf8 20. Rae1 Kd7 21. Ng3 b4 22. Nxf5 Nxf5 23. Rxf5 gxf5 24. Bxh8 cxd3 25. cxd3 Qc2 26. Qxh7 Kc7 27. Bd4 Rd8 28. Qxf7+ Kc8 29. Qa7 Qd2 30. Qxa6+ Kb8 31. Ba7+ Kc7 32. Qb6+ Kc8 33. Qc6# 1-0

[Event "Wch U20 Girls 38th"]
[Site "Cala Gonone"]
[Date "2022.10.12"]
[Round "1"]
[White "Aydin, Gulenay"]
[Black "Badenhorst, Chloe"]
[Result "1-0"]
[WhiteElo "2109"]
[BlackElo "1687"]
[PlyCount "71"]
[EventDate "2022.10.12"]
[EventType "swiss"]
[EventRounds "11"]
[EventCountry "ITA"]
[SourceTitle "CBM 210 Extra"]
[Source "ChessBase"]
[SourceDate "2022.11.30"]
[SourceVersion "1"]
[SourceVersionDate "2022.11.30"]
[SourceQuality "1"]

1. e4 c5 2. Nf3 Nc6 3. Bb5 g6 4. 0-0 Bg7 5. c3 e5 6. d4 cxd4 7. cxd4 exd4 8. Bf4 a6 9. Bc4 Nge7 10. Bd6 b5 11. Bb3 Bb7 12. Ng5 0-0 13. Qf3 Qe8 14. Nd2 h6 15. Nh3 Kh7 16. Rfe1 Rc8 17. Rad1 Ne5 18. Qg3 Nc4 19. Bxc4 bxc4 20. Qh4 f6 21. b3 c3 22. Nc4 c2 23. Rc1 d3 24. Qf4 f5 25. e5 Be4 26. Qd2 Nc6 27. f3 Nxe5 28. fxe4 Nxc4 29. bxc4 fxe4 30. Bxf8 Bxf8 31. Nf2 Rxc4 32. Nxd3 Rd4 33. Qxc2 exd3 34. Rxe8 dxc2 35. Rxf8 Rd1+ 36. Rf1 1-0

[Event "Olympiad Women-44"]
[Site "Chennai"]
[Date "2022.08.07"]
[Round "9.2"]
[White "Chaves, Jussara"]
[Black "Badenhorst, Chloe"]
[Result "0-1"]
[WhiteElo "1933"]
[BlackElo "1703"]
[PlyCount "96"]
[EventDate "2022.07.29"]
[EventType "team-swiss"]
[EventRounds "11"]
[EventCountry "IND"]
[SourceTitle "CBM 210"]
[Source "ChessBase"]
[SourceDate "2022.10.31"]
[SourceVersion "1"]
[SourceVersionDate "2022.10.31"]
[SourceQuality "1"]
[WhiteTeam "Portugal (W)"]
[BlackTeam "South Africa (W)"]
[WhiteTeamCountry "POR"]
[BlackTeamCountry "RSA"]

1. f4 Nf6 2. b3 g6 3. Bb2 Bg7 4. e4 d6 5. Nf3 0-0 6. d3 c5 7. Be2 Nc6 8. 0-0 e5 9. Nfd2 exf4 10. Rxf4 Nh5 11. Bxg7 Nxf4 12. Bxf8 Kxf8 13. Bf1 Qg5 14. Kh1 Bg4 15. Nf3 Qf6 16. Nbd2 Nd4 17. Rb1 Nxf3 18. Nxf3 Re8 19. b4 b6 20. bxc5 dxc5 21. Rb3 Nh3 22. Qe2 Ng5 23. Nxg5 Qxg5 24. Qe1 f5 25. h3 Bh5 26. Rb1 Kg8 27. a4 fxe4 28. dxe4 Qe5 29. Bc4+ Kg7 30. Bd5 g5 31. Qe3 Qxd5 32. exd5 Rxe3 33. a5 Bf7 34. d6 Re2 35. Rd1 Re8 36. axb6 axb6 37. Rb1 Rd8 38. Rxb6 Kf6 39. Kh2 Ke6 40. Rc6 Kd5 41. Rc7 Bg6 42. c3 Rxd6 43. Re7 Kc4 44. Re3 Bd3 45. Kg3 Kxc3 46. Kg4 Rd5 47. h4 gxh4 48. Kxh4 c4 0-1

[Event "Olympiad Women-44"]
[Site "Chennai"]
[Date "2022.08.06"]
[Round "8.2"]
[White "Eman, Sawan"]
[Black "Badenhorst, Chloe"]
[Result "1/2-1/2"]
[WhiteElo "1847"]
[BlackElo "1703"]
[PlyCount "94"]
[EventDate "2022.07.29"]
[EventType "team-swiss"]
[EventRounds "11"]
[EventCountry "IND"]
[SourceTitle "CBM 210"]
[Source "ChessBase"]
[SourceDate "2022.10.31"]
[SourceVersion "1"]
[SourceVersionDate "2022.10.31"]
[SourceQuality "1"]
[WhiteTeam "Palestine (W)"]
[BlackTeam "South Africa (W)"]
[WhiteTeamCountry "PLE"]
[BlackTeamCountry "RSA"]

1. e4 c5 2. Nf3 Nc6 3. Bb5 Nd4 4. Nxd4 cxd4 5. 0-0 e6 6. c3 dxc3 7. Nxc3 Ne7 8. d4 Ng6 9. Be3 Be7 10. a4 0-0 11. Rc1 d5 12. e5 Bd7 13. Qb3 a6 14. Bxd7 Qxd7 15. a5 Bd8 16. Qa3 Be7 17. Qb3 Bd8 18. Ra1 Rc8 19. Na4 Rc4 20. Nc5 Rxc5 21. dxc5 Nxe5 22. Rfd1 Bf6 23. Bd4 Rc8 24. Qg3 Qc7 25. b4 Nd7 26. Qxc7 Rxc7 27. Bxf6 Nxf6 28. f3 Nd7 29. Re1 Nb8 30. Rad1 g6 31. g4 Nc6 32. Rb1 Nd4 33. Kg2 Kf8 34. Red1 Nb5 35. Rd3 Ke7 36. f4 Kf6 37. Re1 h6 38. h4 h5 39. g5+ Kg7 40. Kf3 Rc6 41. f5 gxf5 42. g6 fxg6 43. Kf4 Kf6 44. Ke3 Nc7 45. Kf4 Nb5 46. Ke3 Nc7 47. Kf4 Nb5 1/2-1/2

[Event "Olympiad Women-44"]
[Site "Chennai"]
[Date "2022.08.01"]
[Round "4.3"]
[White "Badenhorst, Chloe"]
[Black "Mejia, Camila"]
[Result "1-0"]
[WhiteElo "1703"]
[BlackElo "1330"]
[PlyCount "37"]
[EventDate "2022.07.29"]
[EventType "team-swiss"]
[EventRounds "11"]
[EventCountry "IND"]
[SourceTitle "CBM 210"]
[Source "ChessBase"]
[SourceDate "2022.10.31"]
[SourceVersion "1"]
[SourceVersionDate "2022.10.31"]
[SourceQuality "1"]
[WhiteTeam "South Africa (W)"]
[BlackTeam "Honduras (W)"]
[WhiteTeamCountry "RSA"]
[BlackTeamCountry "HON"]

1. e4 e5 2. Nc3 Nf6 3. f4 d5 4. fxe5 Nxe4 5. Qf3 Nxc3 6. dxc3 Bc5 7. Bf4 0-0 8. 0-0-0 Be6 9. Bd3 Qd7 10. Qg3 Re8 11. Nf3 Nc6 12. Qh4 Bf5 13. Rhf1 g6 14. Ng5 h5 15. Bxf5 Qxf5 16. Bd2 Qxe5 17. Nxf7 Qe7 18. Qg3 Rf8 19. Qxg6# 1-0

[Event "Wch FIDE Online U14 Girls Africa qual"]
[Site "Tornelo INT"]
[Date "2020.11.29"]
[Round "5"]
[White "Badenhorst, Chloe"]
[Black "Mohamed Azzab, Mareim"]
[Result "1-0"]
[WhiteElo "1321"]
[BlackElo "1333"]
[PlyCount "29"]
[EventDate "2020.11.28"]
[EventType "swiss (rapid)"]
[EventRounds "7"]
[EventCountry "ISS"]
[SourceTitle "EXT 2022"]
[Source "ChessBase"]
[SourceDate "2021.10.06"]
[SourceVersion "1"]
[SourceVersionDate "2021.10.06"]
[SourceQuality "1"]

1. e4 c6 2. d4 d5 3. e5 Bf5 4. Nf3 e6 5. Be2 c5 6. c4 Nc6 7. cxd5 Qxd5 8. Nc3 Qd8 9. Be3 cxd4 10. Bxd4 Nxd4 11. Nxd4 Bg6 12. Bb5+ Ke7 13. Qa4 a6 14. Qb4+ Qd6 15. Qxd6# 1-0

[Event "Wch FIDE Online U14 Girls Africa qual"]
[Site "Tornelo INT"]
[Date "2020.11.28"]
[Round "1"]
[White "Badenhorst, Chloe"]
[Black "Kahihu, Neema"]
[Result "1-0"]
[WhiteElo "1321"]
[BlackElo "1150"]
[PlyCount "63"]
[EventDate "2020.11.28"]
[EventType "swiss (rapid)"]
[EventRounds "7"]
[EventCountry "ISS"]
[SourceTitle "EXT 2022"]
[Source "ChessBase"]
[SourceDate "2021.10.06"]
[SourceVersion "1"]
[SourceVersionDate "2021.10.06"]
[SourceQuality "1"]

1. e4 e5 2. Nc3 Nf6 3. f4 Bd6 4. fxe5 Bxe5 5. d4 Bd6 6. e5 Qe7 7. Qe2 Bb4 8. exf6 Qxe2+ 9. Ngxe2 g6 10. Bd2 Nc6 11. 0-0-0 0-0 12. a3 Ba5 13. d5 Ne5 14. Bf4 d6 15. Bxe5 dxe5 16. b4 Bb6 17. Ng3 Bg4 18. Be2 Bd7 19. Nge4 a5 20. b5 a4 21. h4 c6 22. dxc6 bxc6 23. Rxd7 cxb5 24. Bxb5 Be3+ 25. Kb1 Bc5 26. Nxc5 Rac8 27. N5xa4 Rb8 28. Ka2 Rfc8 29. Rhd1 Ra8 30. Nb6 Rxc3 31. Rd8+ Rxd8 32. Rxd8# 1-0

[Event "Africa-ch U12 Girls"]
[Site "Windhoek"]
[Date "2019.12.19"]
[Round "5.1"]
[White "Badenhorst, Chloe"]
[Black "Beukes, Jamie Nicole"]
[Result "1-0"]
[WhiteElo "1206"]
[BlackElo "1121"]
[PlyCount "65"]
[EventDate "2019.12.16"]
[EventType "swiss"]
[EventRounds "9"]
[EventCountry "NAM"]
[SourceTitle "EXT 2024"]
[Source "ChessBase"]
[SourceDate "2023.10.10"]
[SourceVersion "1"]
[SourceVersionDate "2023.10.10"]
[SourceQuality "1"]

1. e4 c5 2. Nc3 e6 3. g3 d5 4. exd5 exd5 5. d4 cxd4 6. Qxd4 Be6 7. Bg2 Nc6 8. Qa4 h6 9. Nge2 Nf6 10. Nd4 Qd7 11. 0-0 Be7 12. Bf4 0-0 13. Rfe1 Rfe8 14. Nxe6 fxe6 15. Nb5 Bb4 16. c3 Ba5 17. Nd4 Bb6 18. Nxc6 bxc6 19. Be5 Bd8 20. Rad1 Rc8 21. Bh3 Qf7 22. Qc2 Bc7 23. Qe2 Ne4 24. Bxc7 Rxc7 25. Bg4 Nc5 26. c4 Rce7 27. Qe3 Na4 28. Qb3 Nc5 29. Qa3 Nb7 30. cxd5 exd5 31. Rxe7 Rxe7 32. Qxa7 Nd6 33. Qd4 1-0

[Event "Africa-ch U12 Girls"]
[Site "Windhoek"]
[Date "2019.12.19"]
[Round "6.2"]
[White "Gibson, Amy Leigh"]
[Black "Badenhorst, Chloe"]
[Result "0-1"]
[WhiteElo "1103"]
[BlackElo "1206"]
[PlyCount "84"]
[EventDate "2019.12.16"]
[EventType "swiss"]
[EventRounds "9"]
[EventCountry "NAM"]
[SourceTitle "EXT 2024"]
[Source "ChessBase"]
[SourceDate "2023.10.10"]
[SourceVersion "1"]
[SourceVersionDate "2023.10.10"]
[SourceQuality "1"]

1. e4 e5 2. Nf3 Nc6 3. d4 exd4 4. Bc4 Bc5 5. Ng5 Nh6 6. Bxf7+ Nxf7 7. Nxf7 Kxf7 8. Qh5+ g6 9. Qxc5 d6 10. Qc4+ Be6 11. Qd3 Kg7 12. 0-0 Re8 13. c3 Qf6 14. Qxd4 Qxd4 15. cxd4 Nxd4 16. Nc3 Bc4 17. Rd1 Ne2+ 18. Nxe2 Bxe2 19. Rd4 Rad8 20. Bg5 Rd7 21. Re1 Bb5 22. Bf4 Kf6 23. f3 h5 24. h3 g5 25. Bh2 Red8 26. e5+ Ke6 27. g3 c5 28. Rd2 d5 29. f4 Rg8 30. Red1 Bc6 31. Kf1 d4 32. b3 Be4 33. Rf2 b5 34. Ke1 c4 35. bxc4 bxc4 36. Kd2 Bf5 37. fxg5 Rxg5 38. h4 Rgg7 39. Re1 Rgf7 40. Rf4 Bg4 41. Rxf7 Rxf7 42. Bg1 Rd7 0-1

[Event "Africa-ch U12 Girls"]
[Site "Windhoek"]
[Date "2019.12.17"]
[Round "4.1"]
[White "Boshoma, Chisomo"]
[Black "Badenhorst, Chloe"]
[Result "1/2-1/2"]
[WhiteElo "1367"]
[BlackElo "1206"]
[PlyCount "64"]
[EventDate "2019.12.16"]
[EventType "swiss"]
[EventRounds "9"]
[EventCountry "NAM"]
[SourceTitle "EXT 2024"]
[Source "ChessBase"]
[SourceDate "2023.10.10"]
[SourceVersion "1"]
[SourceVersionDate "2023.10.10"]
[SourceQuality "1"]

1. e4 d5 2. exd5 Qxd5 3. Nc3 Qd6 4. d4 Nf6 5. Nf3 a6 6. h3 Bf5 7. Bd3 Bg6 8. Bc4 Nc6 9. Bb3 0-0-0 10. Be3 e6 11. a3 Be7 12. Ba2 h6 13. Na4 Nd5 14. 0-0 Nxe3 15. fxe3 Bf5 16. Qe2 g5 17. g4 Qg3+ 18. Qg2 Qxg2+ 19. Kxg2 Bxc2 20. Nc3 Bg6 21. Rad1 Bd6 22. h4 gxh4 23. Nxh4 Rhg8 24. Nxg6 Rxg6 25. Rxf7 Rxg4+ 26. Kf2 Rg6 27. Rg1 Rdg8 28. Bxe6+ Kb8 29. Rxg6 Rxg6 30. Ba2 Rg4 31. Rf6 Rh4 32. Ke2 Rh2+ 1/2-1/2

[Event "Africa-ch U12 Girls"]
[Site "Windhoek"]
[Date "2019.12.17"]
[Round "3.3"]
[White "Molosiwa, Laura"]
[Black "Badenhorst, Chloe"]
[Result "0-1"]
[WhiteElo "1313"]
[BlackElo "1206"]
[PlyCount "46"]
[EventDate "2019.12.16"]
[EventType "swiss"]
[EventRounds "9"]
[EventCountry "NAM"]
[SourceTitle "EXT 2024"]
[Source "ChessBase"]
[SourceDate "2023.10.10"]
[SourceVersion "1"]
[SourceVersionDate "2023.10.10"]
[SourceQuality "1"]

1. e4 e5 2. Nf3 Nc6 3. Bc4 Bc5 4. d3 Nf6 5. Be3 Bb6 6. Nc3 d6 7. h3 Be6 8. Bb3 Qd7 9. Ng5 h6 10. Nxe6 fxe6 11. 0-0 0-0 12. a3 Kh8 13. Qd2 Rae8 14. Rad1 Qf7 15. Ne2 Nh5 16. g4 Qg6 17. Kh2 Rf3 18. Bxb6 axb6 19. Qe1 Nd4 20. Nxd4 exd4 21. Rg1 Ref8 22. Rd2 Qf6 23. Rg2 Qe5+ 0-1

[Event "Africa-ch U12 Girls"]
[Site "Windhoek"]
[Date "2019.12.16"]
[Round "2.1"]
[White "Badenhorst, Chloe"]
[Black "Abdelaziz, Tinhinane"]
[Result "1-0"]
[WhiteElo "1206"]
[BlackElo "1477"]
[PlyCount "65"]
[EventDate "2019.12.16"]
[EventType "swiss"]
[EventRounds "9"]
[EventCountry "NAM"]
[SourceTitle "EXT 2024"]
[Source "ChessBase"]
[SourceDate "2023.10.10"]
[SourceVersion "1"]
[SourceVersionDate "2023.10.10"]
[SourceQuality "1"]

1. e4 c5 2. Nc3 Nc6 3. Bc4 d6 4. f4 Nf6 5. Nf3 e6 6. d3 Be7 7. 0-0 0-0 8. Qe1 Na5 9. Bb3 Nxb3 10. axb3 d5 11. Kh1 d4 12. Ne2 Nh5 13. Ng3 Nxg3+ 14. Qxg3 f5 15. e5 b6 16. Ng5 h6 17. Nf3 Bb7 18. Qg6 a6 19. Bd2 Kh8 20. b4 Bd5 21. bxc5 Bxc5 22. b4 Be7 23. Kg1 Bxf3 24. Rxf3 Qd7 25. Rh3 Bd8 26. Rf1 Rc8 27. Rff3 Bc7 28. Rh5 Bb8 29. Rfh3 Rf7 30. g4 Rxc2 31. Rxh6+ gxh6 32. Qxh6+ Kg8 33. Qh8# 1-0